Doja Cat - Scarlet 2 CLAUDE Tracklist - Statistics

General Stats
  • This quiz has been taken 20 times
  • The average score is 5 of 7
Answer Stats
# Song % Correct
6 PISS
95%
1 ACKNOWLEDGE ME
74%
7 HEADHIGH
74%
5 MASC
68%
2 DISRESPECTFUL
63%
3 URRRGE!!!!!!!!!!
63%
4 OKLOSER
58%
No matching quizzes found
Score Distribution
Percent of People with Each Score
Percentile by Number Answered
Your Score History
You have not taken this quiz